| 000 | 01023nam a22003137a 4500 | ||
|---|---|---|---|
| 003 | CHAP | ||
| 005 | 20220329133927.0 | ||
| 008 | 971013s1992 r 00010 d | ||
| 010 | _a12802 | ||
| 011 | _a13774 | ||
| 035 | _a17846 | ||
| 040 | _cCHAP | ||
| 090 | _aTesis | ||
| 100 | 0 | 0 |
_aContreras López, Elizabeth. _927504 |
| 245 | _aValor nutritivo de leguminosas silvestres de la península de Yucatán | ||
| 260 |
_aMéxico, D. F. : _bEl autor, _c1992 |
||
| 300 | _a92 h. | ||
| 502 | _aTesis (Químico Farmacéutico Biólogo) -- UNAM. Facultad de Química | ||
| 590 |
_aALEPH _b10 _c20130110 _lUCH01 _h1231 |
||
| 590 |
_aBATCH-UPD _b10 _c20130110 _lUCH01 _h1934 |
||
| 590 |
_aBATCH-UPD _b10 _c20130410 _lUCH01 _h1258 |
||
| 590 |
_aBATCH-UPD _b10 _c20130914 _lUCH01 _h1720 |
||
| 590 |
_aCONVERSION _b10 _c20130109 _lUCH01 _h1308 |
||
| 650 | 1 | 4 |
_aLeguminosas _xValor nutritivo. _965853 |
| 650 | 1 | 4 |
_aPlantas forrajeras _xYucatán. _988995 |
| 901 | _aBK | ||
| 942 | _cTESIS | ||
| 949 |
_bBC _cTES _d-41819 _eTS1 _h30149 _i17846 _si |
||
| 999 |
_c12802 _d12802 |
||